KITTEN CINSTRUCTION COMPANY (Record no. 4975)
[ view plain ]
| 000 -LEADER | |
|---|---|
| fixed length control field | 00330nam a22001217a 4500 |
| 008 - FIXED-LENGTH DATA ELEMENTS--GENERAL INFORMATION | |
| fixed length control field | 250428b ||||| |||| 00| 0 eng d |
| 020 ## - INTERNATIONAL STANDARD BOOK NUMBER | |
| International Standard Book Number | 9781250801913 |
| 082 ## - DEWEY DECIMAL CLASSIFICATION NUMBER | |
| Classification number | 741.5 GRE |
| 100 ## - MAIN ENTRY--PERSONAL NAME | |
| Personal name | GREEN,JOHN PATRICK |
| Relator term | AUTHOR |
| 245 ## - TITLE STATEMENT | |
| Title | KITTEN CINSTRUCTION COMPANY |
| 260 ## - PUBLICATION, DISTRIBUTION, ETC. | |
| Place of publication, distribution, etc. | 120 BROADWAY,NEW YORK,NY 10271 |
| Name of publisher, distributor, etc. | FIRST SECOND |
| 942 ## - ADDED ENTRY ELEMENTS (KOHA) | |
| Source of classification or shelving scheme | |
| Withdrawn status | Lost status | Source of classification or shelving scheme | Damaged status | Not for loan | Collection code | Permanent Location | Current Location | Shelving location | Date acquired | Total Checkouts | Full call number | Barcode | Date last seen | Date last checked out | Price effective from | Koha item type | Public note |
|---|---|---|---|---|---|---|---|---|---|---|---|---|---|---|---|---|---|
| Fiction | KH8 Primary School Library | KH8 Primary School Library | Fiction | 2025-04-28 | 5 | 741.5 GRE | KHPL000006929 | 2026-04-17 | 2026-04-07 | 2025-04-28 | Books - Fiction | KH8 PRIMARY LIBRARY | |||||
| Fiction | KH8 Primary School Library | KH8 Primary School Library | Fiction | 2025-04-28 | 1 | 741.5 GRE | KHPL000007066 | 2026-01-15 | 2026-01-08 | 2025-04-28 | Books - Fiction | KH8 PRIMARY LIBRARY |